University Home | Library Home | Institutional Repository

Uncertain mandate; politics of the U.N. Congo operation (Record no. 183866)

MARC details
000 -LEADER
fixed length control field 00761cam1a220022900 4500
001 - CONTROL NUMBER
control field lce00607349
008 - FIXED-LENGTH DATA ELEMENTS--GENERAL INFORMATION
fixed length control field 711108s1967 mduabc b 000 0 eng
010 ## - LIBRARY OF CONGRESS CONTROL NUMBER
LC control number 67022890
035 ## - SYSTEM CONTROL NUMBER
System control number (Sirsi) r110783
035 ## - SYSTEM CONTROL NUMBER
System control number (DLC) 67022890
035 ## - SYSTEM CONTROL NUMBER
System control number (UPRA)lce00607349
043 ## - GEOGRAPHIC AREA CODE
Geographic area code f-cg---
050 0# - LIBRARY OF CONGRESS CALL NUMBER
Classification number JX1977.2.C57
Item number L44
082 ## - DEWEY DECIMAL CLASSIFICATION NUMBER
Classification number 341.13/9/675
100 1# - MAIN ENTRY--PERSONAL NAME
Personal name Lefever, Ernest W.
Linkage A5745.1
245 10 - TITLE STATEMENT
Title Uncertain mandate; politics of the U.N. Congo operation
Statement of responsibility, etc. [by] Ernest W. Lefever.
260 ## - PUBLICATION, DISTRIBUTION, ETC.
Place of publication, distribution, etc. Baltimore,
Name of publisher, distributor, etc. Johns Hopkins Press
Date of publication, distribution, etc. [1967]
504 ## - BIBLIOGRAPHY, ETC. NOTE
Bibliography, etc. note Bibliography: p. 239-246.
610 20 - SUBJECT ADDED ENTRY--CORPORATE NAME
Corporate name or jurisdiction name as entry element United Nations -- Zaire.
Geographic subdivision United Nations -- Zaire.
Linkage S32311.1
949 ## - LOCAL PROCESSING INFORMATION (OCLC)
a JX1977.2.C57
w lcc
i 33729001782627
m MAIN
p 2500
t BOOK
l ON-SHELF

No items available.

© 2026 - The University of Zambia Library - Koha v25.11